[Event "1st 4NCL FIDE Open 2015"]
[Site "Birmingham ENG"]
[Date "2015.01.30"]
[Round "1.1"]
[White "Page, Mark E"]
[Black "Hebden, Mark L"]
[Result "1/2-1/2"]
[BlackTitle "GM"]
[WhiteElo "2073"]
[BlackElo "2498"]
[WhiteFideId "417050"]
[BlackFideId "400084"]
[EventDate "2015.01.30"]

1. e4 e5 2. Bc4 Nf6 3. d4 exd4 4. Nf3 Nc6 5. e5 d5 6. Bb5 Ne4 7. Nxd4 Bc5 8. Be3
Bd7 9. Bxc6 bxc6 10. O-O Qe7 11. f3 Nd6 12. Bf2 Nc4 13. b3 Nxe5 14. f4 Ng4 15.
Re1 Be6 16. Rxe6 fxe6 17. Qxg4 O-O 18. Qxe6+ Qxe6 19. Nxe6 Bxf2+ 20. Kxf2 Rf6
21. Nc5 Rxf4+ 22. Kg1 Re8 23. Nd3 Rf5 24. Nd2 Re2 25. Nf3 Re4 26. Nd2 Re3 27.
Rf1 Rxf1+ 28. Kxf1 Kf7 29. Kf2 Re6 30. Nf3 Ke7 31. Nd4 Rf6+ 32. Ke3 Kd6 33. b4
Rf1 34. Nc5 Re1+ 35. Kf2 Ra1 36. a4 Rc1 37. a5 g6 38. Nb7+ Kd7 39. Nc5+ Kd6 40.
Nb7+ Kd7 41. Nc5+ Kd6 1/2-1/2

[Event "1st 4NCL FIDE Open 2015"]
[Site "Birmingham ENG"]
[Date "2015.01.30"]
[Round "1.2"]
[White "Gormally, Daniel W"]
[Black "Menadue, Jeremy F S"]
[Result "1-0"]
[WhiteTitle "GM"]
[WhiteElo "2497"]
[BlackElo "2056"]
[WhiteFideId "406465"]
[BlackFideId "404349"]
[EventDate "2015.01.30"]

1. d4 d5 2. c4 c6 3. Nf3 Nf6 4. Nc3 dxc4 5. e4 b5 6. e5 Nd5 7. a4 e6 8. Ng5 h6
9. Nge4 b4 10. Nb1 Qh4 11. Qf3 Ba6 12. Nbd2 c3 13. Nc4 Bxc4 14. Bxc4 cxb2 15.
Bxb2 Nd7 16. O-O Qd8 17. Qg3 g6 18. Rac1 a5 19. Bb3 Rc8 20. Rc2 Be7 21. Rfc1
N7b6 22. Rxc6 Rxc6 23. Rxc6 Qd7 24. Rc5 O-O 25. Rxa5 Rc8 26. Nc5 Qc6 27. h4 Ra8
28. Rxa8+ Qxa8 29. Nxe6 Nxa4 30. Nc7 Bxh4 31. Qxh4 Nxc7 32. Qe7 Ne6 33. Bxe6
fxe6 34. Qxe6+ Kh8 35. Qf6+ Kh7 36. Qf7+ Kh8 37. e6 Nxb2 38. e7 1-0

[Event "1st 4NCL FIDE Open 2015"]
[Site "Birmingham ENG"]
[Date "2015.01.30"]
[Round "1.3"]
[White "Stepanyan, Henrik"]
[Black "Fodor, Tamas Jr."]
[Result "0-1"]
[BlackTitle "GM"]
[WhiteElo "2042"]
[BlackElo "2495"]
[WhiteFideId "401030"]
[BlackFideId "723762"]
[EventDate "2015.01.30"]

1. d4 e6 2. c4 b6 3. e4 Bb7 4. Bd3 Bb4+ 5. Bd2 Bxd2+ 6. Qxd2 d6 7. Nc3 Ne7 8.
Nge2 Nd7 9. O-O e5 10. d5 a5 11. a3 a4 12. Ng3 O-O 13. Nce2 Nc5 14. Bc2 Ng6 15.
Nf5 Bc8 16. Rae1 Qf6 17. Qe3 Bd7 18. Qf3 Nh4 19. Qg4 Nxf5 20. exf5 g6 21. Ng3
Kh8 22. Qf3 b5 23. Re3 bxc4 24. Qe2 Rab8 25. fxg6 fxg6 26. Rf3 Qg7 27. Rxf8+
Qxf8 28. f4 exf4 29. Qxc4 Rxb2 30. Rxf4 Qg7 31. Qf1 Kg8 32. Bd3 Ra2 33. Rb4 Qe7
34. Bxg6 hxg6 35. Qb1 Qe3+ 0-1

[Event "1st 4NCL FIDE Open 2015"]
[Site "Birmingham ENG"]
[Date "2015.01.30"]
[Round "1.4"]
[White "Vakhidov, Jahongir"]
[Black "Horton, Jamie A"]
[Result "1-0"]
[WhiteTitle "GM"]
[WhiteElo "2494"]
[BlackElo "2041"]
[WhiteFideId "14201801"]
[BlackFideId "421472"]
[EventDate "2015.01.30"]

1. d4 Nf6 2. c4 e6 3. Nc3 d5 4. cxd5 exd5 5. Bg5 c6 6. Qc2 Be7 7. e3 Nbd7 8. Bd3
Nh5 9. Bxe7 Qxe7 10. O-O-O Nb6 11. Kb1 g6 12. h3 Ng7 13. Nf3 Be6 14. Ka1 O-O-O
15. Rb1 Kb8 16. Rhc1 Rc8 17. Na4 Nxa4 18. Qxa4 Rc7 19. Rc3 f6 20. Rbc1 Bd7 21.
Nd2 Ne6 22. Qd1 Rd8 23. Qf3 Be8 24. a3 Ka8 25. Nb3 Bf7 26. h4 Rdc8 27. g4 Qd8
28. Bb1 Qe7 29. Ba2 Qd8 30. Na5 Ng7 31. Qg3 Ne8 32. f3 Ng7 33. Bb1 Ne6 34. Nb3
Qe7 35. e4 Qd8 36. Rd1 Rd7 37. Qf2 Rd6 38. Rd2 Rc7 39. e5 fxe5 40. dxe5 Rdd7 41.
f4 Nf8 42. f5 gxf5 43. gxf5 Bh5 44. Nd4 Re7 45. e6 Re8 46. Qf4 c5 47. Nb3 c4 48.
Rxd5 Qxd5 49. Qxc7 1-0

[Event "1st 4NCL FIDE Open 2015"]
[Site "Birmingham ENG"]
[Date "2015.01.30"]
[Round "1.5"]
[White "Myall, Ivan J"]
[Black "Wells, Peter K"]
[Result "0-1"]
[BlackTitle "GM"]
[WhiteElo "2038"]
[BlackElo "2457"]
[WhiteFideId "425168"]
[BlackFideId "400327"]
[EventDate "2015.01.30"]

1. e4 c6 2. c4 d5 3. exd5 cxd5 4. cxd5 Nf6 5. Qa4+ Nbd7 6. Nc3 g6 7. Bc4 Bg7 8.
Nf3 O-O 9. d3 a6 10. O-O b5 11. Qc2 bxc4 12. dxc4 Qc7 13. b3 Ne5 14. Nxe5 Qxe5
15. Bb2 Ng4 16. g3 Qh5 17. h4 Ne5 18. f4 Bf5 19. Qg2 Nd3 20. Na4 Nxb2 21. Nxb2
Qg4 22. Rad1 Bxb2 23. Qxb2 Qxg3+ 24. Qg2 Qxh4 25. Rf2 e6 26. Qg5 Qxg5+ 27. fxg5
exd5 28. Rxd5 Rfe8 29. Kh2 Re3 30. Rfd2 Kg7 31. Rd6 a5 32. Kg2 Rae8 33. Kf2 Rh3
34. R6d5 Re4 35. c5 Rf4+ 36. Ke1 Rh1+ 37. Ke2 Rc1 38. Ke3 Re4+ 39. Kf2 Be6 40.
Rd1 Rc2+ 41. R1d2 Rxa2 42. Rxa2 Bxd5 43. Rxa5 Bxb3 44. Kf3 Bd5 45. Kg3 Be6 46.
Kf3 Re5 0-1

[Event "1st 4NCL FIDE Open 2015"]
[Site "Birmingham ENG"]
[Date "2015.01.30"]
[Round "1.6"]
[White "Merry, Alan B"]
[Black "Gardiner, Eric D"]
[Result "1-0"]
[WhiteTitle "FM"]
[WhiteElo "2349"]
[BlackElo "2011"]
[WhiteFideId "418811"]
[BlackFideId "435880"]
[EventDate "2015.01.30"]

1. Nf3 d5 2. c4 dxc4 3. e3 Nf6 4. Bxc4 e6 5. d4 c5 6. Qe2 a6 7. dxc5 Bxc5 8. O-O
b5 9. Bd3 Nc6 10. Rd1 Qb6 11. a3 b4 12. Nbd2 Bb7 13. Nc4 Qc7 14. a4 O-O 15. b3
e5 16. Ng5 Na5 17. Bb2 Nxc4 18. Bxc4 a5 19. Rac1 Rac8 20. Ba6 Bxa6 21. Qxa6 Ng4
22. Ne4 Nxe3 23. Rd3 Rfd8 24. Rxc5 Rxd3 25. Qxd3 1-0

[Event "1st 4NCL FIDE Open 2015"]
[Site "Birmingham ENG"]
[Date "2015.01.30"]
[Round "1.7"]
[White "Garnett, John S"]
[Black "Jackson, James P"]
[Result "0-1"]
[BlackTitle "FM"]
[WhiteElo "1999"]
[BlackElo "2313"]
[WhiteFideId "410829"]
[BlackFideId "416860"]
[EventDate "2015.01.30"]

1. d4 Nf6 2. Bg5 e6 3. e4 h6 4. Bxf6 Qxf6 5. Nc3 Bb4 6. Qd3 O-O 7. e5 Qe7 8.
O-O-O d5 9. f4 c5 10. dxc5 b6 11. Nge2 bxc5 12. f5 Nc6 13. fxe6 Bxe6 14. Nxd5
Bxd5 15. a3 Qg5+ 16. Kb1 Rad8 17. axb4 Ba2+ 18. Kxa2 Nxb4+ 19. Kb1 Nxd3 20. cxd3
Qxe5 21. Nc3 Rb8 22. Rc1 Rb3 23. Nd1 Rfb8 24. Rc2 a5 0-1

[Event "1st 4NCL FIDE Open 2015"]
[Site "Birmingham ENG"]
[Date "2015.01.30"]
[Round "1.8"]
[White "Sowray, Peter J"]
[Black "Lopez Gomez, Jose Pablo"]
[Result "1-0"]
[WhiteTitle "FM"]
[WhiteElo "2308"]
[BlackElo "1999"]
[WhiteFideId "400971"]
[BlackFideId "5110645"]
[EventDate "2015.01.30"]

1. d4 Nf6 2. c4 g6 3. Nc3 Bg7 4. e4 d6 5. f3 O-O 6. Nge2 Nc6 7. Be3 e5 8. d5 Ne7
9. g4 Nd7 10. Qd2 f5 11. h3 Nb6 12. Nc1 c6 13. Bd3 Bd7 14. N1e2 Rc8 15. b3 cxd5
16. cxd5 fxe4 17. fxe4 Rf3 18. O-O-O Qf8 19. Kb1 Qd8 20. Rdf1 Qf8 21. Ng3 Rxc3
22. Qxc3 Nexd5 23. exd5 e4 24. Bd4 Bxd4 25. Qxd4 exd3 26. Rxf3 Qxf3 27. Rf1 Qxg3
28. Qf6 Bf5 29. gxf5 d2 30. Qe6+ Kh8 31. Qe8+ Kg7 32. f6+ Kh6 33. Qe2 Qc3 34. f7
Nd7 35. Qc4 Qxh3 36. Qf4+ Kh5 37. Kc2 Ne5 38. Kd1 Qd3 39. Rh1+ 1-0

[Event "1st 4NCL FIDE Open 2015"]
[Site "Birmingham ENG"]
[Date "2015.01.31"]
[Round "2.1"]
[White "Mason, Donald J"]
[Black "Gormally, Daniel W"]
[Result "0-1"]
[BlackTitle "GM"]
[WhiteElo "2138"]
[BlackElo "2497"]
[WhiteFideId "405116"]
[BlackFideId "406465"]
[EventDate "2015.01.30"]

1. e4 c5 2. Nf3 d6 3. d4 cxd4 4. Nxd4 Nf6 5. Nc3 a6 6. Bg5 e6 7. f4 Be7 8. Qf3
Qc7 9. O-O-O Nbd7 10. Bd3 h6 11. Bh4 g5 12. fxg5 Ne5 13. Qe2 Nfg4 14. Nf3 Nxf3
15. Qxf3 Ne5 16. Qh5 Ng6 17. Bg3 hxg5 18. Qg4 Bd7 19. Rdf1 Ne5 20. Bxe5 dxe5 21.
h4 gxh4 22. g3 O-O-O 23. Rxf7 Rdg8 24. Qh3 Qc5 25. Nd1 Kb8 26. gxh4 Rxh4 27. Qf3
Rxh1 28. Qxh1 Rg1 29. Qh8+ Ka7 30. Rf1 Rg3 31. Kb1 Qd4 32. Qh1 Bb4 33. a3 Ba5
34. Ka2 Bc6 35. Qh6 Rxd3 36. cxd3 Bxe4 37. Qe3 Bxd3 38. Rf7 Bd2 39. Qxd4+ exd4
40. Nf2 Bf5 41. Re7 Be3 0-1

[Event "1st 4NCL FIDE Open 2015"]
[Site "Birmingham ENG"]
[Date "2015.01.31"]
[Round "2.2"]
[White "Fodor, Tamas Jr."]
[Black "Sowray, Peter J"]
[Result "1-0"]
[WhiteTitle "GM"]
[BlackTitle "FM"]
[WhiteElo "2495"]
[BlackElo "2308"]
[WhiteFideId "723762"]
[BlackFideId "400971"]
[EventDate "2015.01.30"]

1. d4 d5 2. c4 e6 3. Nc3 Be7 4. cxd5 exd5 5. Bf4 c6 6. e3 Bd6 7. Bg3 Ne7 8. Nf3
O-O 9. Qb3 a5 10. Bd3 Na6 11. a3 Nc7 12. Na4 Rb8 13. Qc2 g6 14. Qd2 Bf5 15. Be2
Ne8 16. Bh4 Bc7 17. Ne5 Nd6 18. Ng4 Bxg4 19. Bxg4 Qe8 20. Nc5 f5 21. Bf3 Nec8
22. O-O Ne4 23. Qc2 Ncd6 24. Rac1 g5 25. Bxe4 Nxe4 26. Nxe4 fxe4 27. Bg3 Bxg3
28. fxg3 Qh5 29. h3 Qg6 30. Qc5 g4 31. h4 Qh6 32. Rf4 Rxf4 33. exf4 Qf6 34. Kf2
b6 35. Qc3 Rd8 36. Ke3 c5 37. Rd1 c4 38. h5 Kg7 39. Rh1 Kh6 40. Rh4 Qf5 41. Qe1
Qd7 42. Qc3 Rg8 43. Kd2 Qf5 44. Ke3 Kg7 45. h6+ Kf7 46. Qe1 Qd7 47. Rh5 Rg6 48.
Qd1 Qb5 49. Qc2 Rc6 50. a4 Qb4 51. Rxd5 Qe1+ 52. Qe2 Qxg3+ 53. Kxe4 c3 54. bxc3
Rxc3 55. Kf5 Qh4 56. Rd7+ Kf8 57. Qe6 Qh5+ 58. Ke4 Qe8 59. Qxe8+ Kxe8 60. Rxh7 1-0

[Event "1st 4NCL FIDE Open 2015"]
[Site "Birmingham ENG"]
[Date "2015.01.31"]
[Round "2.3"]
[White "Martin, Lewis"]
[Black "Vakhidov, Jahongir"]
[Result "1/2-1/2"]
[BlackTitle "GM"]
[WhiteElo "2084"]
[BlackElo "2494"]
[WhiteFideId "410551"]
[BlackFideId "14201801"]
[EventDate "2015.01.30"]

1. Nf3 Nf6 2. d4 g6 3. c4 Bg7 4. Nc3 O-O 5. e4 d6 6. Be2 c5 7. d5 e5 8. dxe6
fxe6 9. e5 dxe5 10. Qxd8 Rxd8 11. Nxe5 Nd5 12. cxd5 Bxe5 13. dxe6 Bxe6 14. Be3
c4 15. O-O Nc6 16. Bf3 Nd4 17. Bxd4 Bxd4 18. Rae1 Bf7 19. Re7 Rab8 20. a4 Kf8
21. Rfe1 Re8 22. R7e2 a6 23. Rd1 Rxe2 24. Bxe2 Be5 25. g3 b5 26. axb5 axb5 27.
f4 Bg7 28. Rd2 b4 29. Ne4 c3 30. bxc3 bxc3 31. Rc2 Bb3 32. Rxc3 Bd4+ 33. Kf1 Bd5
34. Rd3 Rb1+ 35. Rd1 Rxd1+ 36. Bxd1 Bxe4 37. Be2 Ke7 38. Bb5 Bf3 39. Bc4 Kf6 40.
Bd3 Ke6 41. Ba6 Kf5 42. Bc8+ Ke4 43. Bb7+ Ke3 44. Ba6 Be4 45. Bc8 Bf5 46. Bxf5
gxf5 47. Kg2 Ke4 48. Kh3 Kf3 49. Kh4 Bf6+ 50. Kh5 Be7 51. Kh6 Bc5 52. Kxh7 Bf2
53. Kg6 Ke4 54. Kg5 Be1 55. g4 fxg4 1/2-1/2

[Event "1st 4NCL FIDE Open 2015"]
[Site "Birmingham ENG"]
[Date "2015.01.31"]
[Round "2.4"]
[White "Wells, Peter K"]
[Black "Horton, Andrew P"]
[Result "1/2-1/2"]
[WhiteTitle "GM"]
[WhiteElo "2457"]
[BlackElo "2151"]
[WhiteFideId "400327"]
[BlackFideId "424269"]
[EventDate "2015.01.30"]

1. d4 Nf6 2. c4 e6 3. Nf3 Bb4+ 4. Bd2 Qe7 5. g3 Nc6 6. Nc3 Bxc3 7. Bxc3 Ne4 8.
Rc1 O-O 9. Bg2 d6 10. d5 Nxc3 11. Rxc3 Nb8 12. dxe6 fxe6 13. O-O Nd7 14. Qc2 a5
15. h4 Nc5 16. Ng5 g6 17. Ne4 Nxe4 18. Bxe4 c6 19. Rd1 Bd7 20. Qd2 d5 21. Bg2
Rf7 22. e4 dxe4 23. Bxe4 e5 24. Re3 Qb4 25. Qc2 Raf8 26. Rd2 Qc5 27. Qc3 Be6 28.
h5 gxh5 29. Bc2 Qxc4 30. Qxe5 Bd5 31. Qxh5 Qxa2 32. Qe5 Rg7 33. Ra3 Qc4 34. Bb3
Qc1+ 35. Rd1 Qc5 36. Bxd5+ cxd5 37. Qxd5+ Qxd5 38. Rxd5 b6 39. Rc3 Rg6 40. Rd7
Rf7 41. Rc8+ Kg7 42. Rxf7+ Kxf7 43. Rc7+ Kg8 44. Rb7 h5 45. Kh2 Rf6 46. f4 h4
47. Kh3 hxg3 48. Kxg3 Rd6 49. Kg4 Kf8 50. Kg5 Rc6 51. f5 a4 52. f6 Rc1 53. Rxb6
Rg1+ 54. Kf5 Rf1+ 55. Ke5 Ra1 56. Rb8+ Kf7 57. Rb7+ Kf8 58. Ke6 Re1+ 59. Kd5 Rb1
60. Kc6 Ra1 61. Kb5 a3 62. b4 Rf1 63. Ra7 Rf5+ 64. Kc4 Rxf6 65. b5 Ke8 66. Kc5
Kd8 67. b6 Kc8 68. Rxa3 Kb7 69. Ra7+ Kb8 70. Kb5 Rf1 71. Rg7 1/2-1/2

[Event "1st 4NCL FIDE Open 2015"]
[Site "Birmingham ENG"]
[Date "2015.01.31"]
[Round "2.5"]
[White "Jones, Steven A"]
[Black "Merry, Alan B"]
[Result "1/2-1/2"]
[BlackTitle "FM"]
[WhiteElo "2079"]
[BlackElo "2349"]
[WhiteFideId "419630"]
[BlackFideId "418811"]
[EventDate "2015.01.30"]

1. e4 e5 2. Nf3 Nc6 3. Bb5 Nge7 4. O-O g6 5. c3 Bg7 6. d4 exd4 7. cxd4 a6 8. Ba4
b5 9. Bc2 O-O 10. a4 b4 11. d5 Na5 12. Nbd2 d6 13. Nb3 c5 14. dxc6 Naxc6 15.
Nfd4 Bb7 16. Bf4 Rc8 17. Rc1 d5 18. Nxc6 Bxc6 19. Nd4 dxe4 20. Nxc6 Rxc6 21.
Bxe4 Re6 22. Rc4 Qxd1 23. Rxd1 b3 24. Bf3 Re8 25. g3 Nc8 26. Rd3 Nb6 27. Rb4 a5
28. Rb5 Nxa4 29. Rdxb3 Re1+ 1/2-1/2

[Event "1st 4NCL FIDE Open 2015"]
[Site "Birmingham ENG"]
[Date "2015.01.31"]
[Round "2.6"]
[White "Jackson, James P"]
[Black "Abbas, Daniel"]
[Result "1-0"]
[WhiteTitle "FM"]
[WhiteElo "2313"]
[BlackElo "2095"]
[WhiteFideId "416860"]
[BlackFideId "423831"]
[EventDate "2015.01.30"]

1. d4 Nf6 2. c4 e6 3. Nc3 Bb4 4. e3 b6 5. Ne2 Ne4 6. Qc2 Bb7 7. a3 Bxc3+ 8. Nxc3
f5 9. Nxe4 fxe4 10. g3 O-O 11. Bg2 Qf6 12. O-O Qf5 13. b4 d6 14. Bb2 Nd7 15. d5
exd5 16. cxd5 Qxd5 17. Rad1 Qf7 18. Qxc7 Ne5 19. Qxf7+ Nxf7 20. h4 Rac8 21. Rc1
Rfe8 22. Bh3 Rxc1 23. Rxc1 Re7 24. b5 Kf8 25. a4 Ke8 26. Bf5 Ne5 27. Ba3 Rf7 28.
Bxh7 Kd7 29. Bg8 Rf8 30. Bb3 Nd3 31. Rc2 a6 32. bxa6 Bxa6 33. Bd5 Ne1 34. Rc6
Nf3+ 35. Kh1 Rf6 36. Rxb6 Bd3 37. Rb7+ Kd8 38. Bb2 Rf5 39. Be6 Rc5 40. Rxg7 Rc2
41. Bf6+ Ke8 42. Rg8# 1-0

[Event "1st 4NCL FIDE Open 2015"]
[Site "Birmingham ENG"]
[Date "2015.01.31"]
[Round "2.7"]
[White "Hebden, Mark L"]
[Black "Huq, Robin"]
[Result "1-0"]
[WhiteTitle "GM"]
[WhiteElo "2498"]
[BlackElo "2039"]
[WhiteFideId "400084"]
[BlackFideId "470457"]
[EventDate "2015.01.30"]

1. d4 d5 2. Nf3 Nf6 3. c4 e6 4. Bg5 Be7 5. Nc3 O-O 6. e3 c6 7. Bd3 Nbd7 8. Rc1
dxc4 9. Bxc4 b5 10. Bd3 a6 11. a4 Bb7 12. O-O Rc8 13. Qe2 Re8 14. Rfd1 Qb6 15.
Ne5 Nf8 16. Bxf6 Bxf6 17. Ne4 Be7 18. Qh5 g6 19. Qf3 f5 20. Nc5 Bxc5 21. Rxc5
Red8 22. Rdc1 Rd5 23. Qd1 Rxc5 24. Rxc5 bxa4 25. Qd2 Rd8 26. Nc4 Qc7 27. Qa5 Qb8
28. Ne5 Rd5 29. Rxd5 cxd5 30. h4 Qc8 31. Qxa4 Kg7 32. Qb4 Kf6 33. g4 fxg4 34.
Nxg4+ Kf7 35. Ne5+ Kf6 36. Qd6 Qe8 37. Qc7 Qe7 38. Ng4+ Kf7 39. Nh6+ Ke8 40.
Qb8+ Qd8 41. Qxb7 Nd7 42. Qc6 1-0

[Event "1st 4NCL FIDE Open 2015"]
[Site "Birmingham ENG"]
[Date "2015.01.31"]
[Round "2.8"]
[White "Turner, Matthew J"]
[Black "Duncan, Patrick C M"]
[Result "1-0"]
[WhiteTitle "GM"]
[WhiteElo "2485"]
[BlackElo "2022"]
[WhiteFideId "402893"]
[BlackFideId "405787"]
[EventDate "2015.01.30"]

1. c4 Nf6 2. g3 c6 3. Bg2 d5 4. Nf3 Bf5 5. cxd5 cxd5 6. Qb3 Qb6 7. Qxb6 axb6 8.
Nc3 e6 9. Nb5 Na6 10. d3 Bb4+ 11. Bd2 O-O 12. a3 Bxd2+ 13. Kxd2 Rfd8 14. Rhc1
Ne8 15. Nfd4 Bg6 16. f4 Nd6 17. Nxd6 Rxd6 18. Rc2 f6 19. Rac1 Bf7 20. f5 e5 21.
Rc8+ Rd8 22. Rxa8 Rxa8 23. Ne6 g6 24. g4 e4 25. dxe4 Bxe6 26. fxe6 dxe4 27. b4
f5 28. gxf5 gxf5 29. Bh3 f4 30. Rc4 e3+ 31. Kd3 Rd8+ 32. Ke4 Nb8 33. b5 Kf8 34.
Kxf4 Re8 35. Kf5 Ke7 36. Ke5 Kd8 37. Kd6 1-0

[Event "1st 4NCL FIDE Open 2015"]
[Site "Birmingham ENG"]
[Date "2015.01.31"]
[Round "3.1"]
[White "Gormally, Daniel W"]
[Black "Fodor, Tamas Jr."]
[Result "0-1"]
[WhiteTitle "GM"]
[BlackTitle "GM"]
[WhiteElo "2497"]
[BlackElo "2495"]
[WhiteFideId "406465"]
[BlackFideId "723762"]
[EventDate "2015.01.30"]

1. e4 e6 2. d4 d5 3. Nd2 Be7 4. Ngf3 Nf6 5. e5 Nfd7 6. Bd3 c5 7. c3 Nc6 8. O-O
g5 9. dxc5 g4 10. Nd4 Ncxe5 11. Bb5 a6 12. Ba4 Bxc5 13. f4 Nc4 14. Qxg4 b5 15.
Bb3 Ne3 16. Qg7 Rf8 17. Re1 Nf5 18. Qxh7 Qf6 19. Qh3 Rh8 20. Qd3 Nxd4 21. cxd4
Bxd4+ 22. Kh1 Nc5 23. Qg3 Bb7 24. Nf3 Ne4 25. Rxe4 dxe4 26. Nxd4 Qxd4 27. f5 Qf6
28. Qc7 Qe7 29. Qc3 e5 30. Bg5 f6 31. Be3 Rc8 32. Qe1 Qh7 33. Qg3 Rc7 34. h3 Rg7
35. Qf2 Qxh3+ 36. gxh3 Rxh3+ 37. Qh2 Rgh7 38. Qxh3 Rxh3+ 39. Kg2 Rxe3 40. Rh1
Re2+ 41. Kf1 Rxb2 42. Rh7 Bc6 0-1

[Event "1st 4NCL FIDE Open 2015"]
[Site "Birmingham ENG"]
[Date "2015.01.31"]
[Round "3.2"]
[White "Hebden, Mark L"]
[Black "Jackson, James P"]
[Result "1/2-1/2"]
[WhiteTitle "GM"]
[BlackTitle "FM"]
[WhiteElo "2498"]
[BlackElo "2313"]
[WhiteFideId "400084"]
[BlackFideId "416860"]
[EventDate "2015.01.30"]

1. d4 Nf6 2. Nf3 e6 3. e3 c5 4. c4 cxd4 5. exd4 d5 6. Nc3 Bb4 7. cxd5 Nxd5 8.
Qc2 O-O 9. Bd3 h6 10. O-O Nxc3 11. bxc3 Bd6 12. Qe2 Nd7 13. c4 Nf6 14. Ne5 b6
15. Bb2 Bb7 16. f4 Qe7 17. Rad1 Rad8 18. Kh1 Rc8 19. f5 exf5 20. Rxf5 Rce8 21.
Bb1 Bc8 22. Rf4 Bxe5 23. dxe5 Nd7 24. e6 fxe6 25. Qd3 Rf5 26. Rxf5 exf5 27. Qd5+
Kh8 28. Qxf5 Qe1+ 29. Qf1 Qxf1+ 30. Rxf1 Bb7 31. Bc3 Re3 32. Re1 Rxe1+ 33. Bxe1
Ba6 34. Kg1 Bxc4 35. Kf2 Kg8 36. Ke3 Kf7 37. Kd4 Be6 38. Bg3 Ke7 39. Bc7 Kf7 40.
a3 Ke7 41. h4 g5 42. hxg5 hxg5 43. Bd3 Bf7 44. Be2 Be6 45. Bg3 Bf7 46. Be1 Be6
47. Bb4+ Kf6 48. Bd6 Bf7 49. Bf3 Ke6 50. Bb4 Kf6 51. Bb7 Bg8 52. Bd6 Ke6 53. Bb4
Kf6 54. g3 Bf7 55. a4 a5 56. Bd6 Ke6 57. Bc7 Ke7 58. Bc6 Be6 59. Bb5 Bf7 60. Ke4
Be6 61. Kf3 Bf5 62. Ke3 Bg4 63. Kd2 Bf5 64. Kc3 Bg4 65. Kd4 Bd1 66. Ke3 Bg4 67.
Bc6 Bd1 1/2-1/2

[Event "1st 4NCL FIDE Open 2015"]
[Site "Birmingham ENG"]
[Date "2015.01.31"]
[Round "3.3"]
[White "Vakhidov, Jahongir"]
[Black "Sarakauskiene, Zivile"]
[Result "1-0"]
[WhiteTitle "GM"]
[BlackTitle "WIM"]
[WhiteElo "2494"]
[BlackElo "2144"]
[WhiteFideId "14201801"]
[BlackFideId "12800864"]
[EventDate "2015.01.30"]

1. d4 d5 2. c4 dxc4 3. Nf3 Nf6 4. e3 e6 5. Bxc4 c5 6. O-O a6 7. Qe2 Nc6 8. dxc5
Bxc5 9. Rd1 Qe7 10. a3 O-O 11. b4 Ba7 12. Bb2 e5 13. h3 Be6 14. Nbd2 Bxc4 15.
Nxc4 e4 16. Nfe5 Rac8 17. Nxc6 Rxc6 18. Na5 Rc7 19. Rac1 Rfc8 20. Rxc7 Rxc7 21.
Bxf6 gxf6 22. Qg4+ Kf8 23. Nb3 Bb6 24. Nd2 f5 25. Qxf5 Rd7 26. Qh5 Qd8 27. Qxh7
Qf6 28. Qh5 Qd6 29. Rb1 Bxe3 30. Nxe4 Qd3 31. Qh8+ Ke7 32. Re1 1-0

[Event "1st 4NCL FIDE Open 2015"]
[Site "Birmingham ENG"]
[Date "2015.01.31"]
[Round "3.4"]
[White "Martin, Lewis"]
[Black "Turner, Matthew J"]
[Result "0-1"]
[BlackTitle "GM"]
[WhiteElo "2084"]
[BlackElo "2485"]
[WhiteFideId "410551"]
[BlackFideId "402893"]
[EventDate "2015.01.30"]

1. d4 Nf6 2. c4 e6 3. Nf3 b6 4. g3 Ba6 5. b3 Bb4+ 6. Bd2 Be7 7. Nc3 d5 8. cxd5
exd5 9. Bg2 O-O 10. O-O c6 11. Ne5 Nfd7 12. Nxd5 cxd5 13. Bxd5 Nxe5 14. Bxa8
Nbc6 15. dxe5 Qxa8 16. Bc3 Bc5 17. Qc2 Re8 18. Qb2 Nxe5 19. b4 Nc4 20. Qb3 Ne3
21. fxe3 Bxe3+ 22. Rf2 Bxf2+ 0-1

[Event "1st 4NCL FIDE Open 2015"]
[Site "Birmingham ENG"]
[Date "2015.01.31"]
[Round "3.5"]
[White "Jones, Steven A"]
[Black "Wells, Peter K"]
[Result "1/2-1/2"]
[BlackTitle "GM"]
[WhiteElo "2079"]
[BlackElo "2457"]
[WhiteFideId "419630"]
[BlackFideId "400327"]
[EventDate "2015.01.30"]

1. e4 c5 2. Nf3 d6 3. d4 cxd4 4. Nxd4 Nf6 5. Nc3 Nc6 6. Bg5 e6 7. Qd2 Be7 8.
O-O-O O-O 9. Nb3 Qb6 10. f3 Rd8 11. Kb1 d5 12. Bxf6 Bxf6 13. exd5 Bxc3 14. Qxc3
exd5 15. Qc5 Qxc5 1/2-1/2

[Event "1st 4NCL FIDE Open 2015"]
[Site "Birmingham ENG"]
[Date "2015.01.31"]
[Round "3.6"]
[White "Page, Mark E"]
[Black "Sarakauskas, Gediminas"]
[Result "0-1"]
[BlackTitle "IM"]
[WhiteElo "2073"]
[BlackElo "2396"]
[WhiteFideId "417050"]
[BlackFideId "12800724"]
[EventDate "2015.01.30"]

1. e4 c5 2. Nc3 Nc6 3. f4 d6 4. Nf3 Bg4 5. Bb5 e6 6. Bxc6+ bxc6 7. d3 g6 8. O-O
Bg7 9. Qe1 Bxf3 10. Rxf3 Ne7 11. f5 Bd4+ 12. Kh1 Qd7 13. Ne2 Be5 14. fxe6 Qxe6
15. c3 Bg7 16. Nf4 Qg4 17. h3 Qd7 18. Be3 O-O 19. Qd2 f5 20. Raf1 Rf7 21. Bg1
Raf8 22. Bh2 fxe4 23. dxe4 g5 24. Nh5 Rxf3 25. Rxf3 Rxf3 26. gxf3 Qxh3 27. Qxg5
Qf1+ 28. Bg1 Qxf3+ 29. Kh2 Ng6 30. Nxg7 Kxg7 31. Qe3 Ne5 32. Qg5+ Kf7 0-1

[Event "1st 4NCL FIDE Open 2015"]
[Site "Birmingham ENG"]
[Date "2015.01.31"]
[Round "3.7"]
[White "Merry, Alan B"]
[Black "Bridge, Neil A"]
[Result "1-0"]
[WhiteTitle "FM"]
[WhiteElo "2349"]
[BlackElo "2076"]
[WhiteFideId "418811"]
[BlackFideId "421200"]
[EventDate "2015.01.30"]

1. Nf3 c5 2. g3 Nc6 3. Bg2 g6 4. c4 Bg7 5. Nc3 e5 6. O-O Nge7 7. Ne1 O-O 8. Nc2
d6 9. Ne3 Rb8 10. a3 a6 11. b4 b5 12. bxc5 dxc5 13. Rb1 Nd4 14. Ned5 Bf5 15. d3
Nxd5 16. Nxd5 Bg4 17. f3 Be6 18. e3 Nf5 19. f4 exf4 20. gxf4 Nd6 21. Qe2 Qh4 22.
Bb2 bxc4 23. Bxg7 Kxg7 24. dxc4 Qg4 25. Qc2 Rxb1 26. Rxb1 Bf5 27. Qc3+ f6 28. h3
Qh4 29. Qe1 Qh5 30. Rb6 Ne4 31. Rb7+ Kh6 32. Re7 Nd6 33. Kh2 g5 34. Qg3 g4 35.
e4 Bc8 36. f5 Nxc4 37. Qc7 Bxf5 38. exf5 Qxf5 39. Qg3 Qg5 40. hxg4 1-0